000 00454nam a2200121Ia 4500
008 220615s9999||||xx |||||||||||||| ||und||
100 _aMoody, Jessica
245 4 _aThe persistence of memory
_bRemembering slavery in Liverpool, 'slaving capital of the world'
546 _aEnglish[eng]
650 _aslavery||memory||public history||heritage
856 _uhttps://library.oapen.org/bitstream/20.500.12657/41580/1/Moody_9781789622577_web.pdf
942 _cEB
999 _c12243
_d12243